| 000 | 00378nam a2200157Ia 4500 | ||
|---|---|---|---|
| 008 | 230524s9999 xx 000 0 und d | ||
| 082 |
_a621.381 _bMAR |
||
| 100 | _aAlan B.Marcovitz | ||
| 245 | 0 | _aIntroduction to Logic Design | |
| 250 | _a1ST | ||
| 260 |
_aNEW DELHI _bTMH _c2002 |
||
| 300 | _aXI;572 | ||
| 500 | _aQuantity Number: 5 | ||
| 650 | _aElectronics | ||
| 942 | _cBK | ||
| 999 |
_c14743 _d14743 |
||